| 000 | 01088nam a22002537a 4500 | ||
|---|---|---|---|
| 005 | 20170124102956.0 | ||
| 010 | _aA-984586 | ||
| 020 | _c100.00 | ||
| 035 | _aA-984586 | ||
| 037 | _bCen Lib/Ret | ||
| 040 |
_aDPL _bHN |
||
| 082 |
_aउ _bश्रीवास्त |
||
| 100 |
_aश्रीवास्तव, सुरेश चन्द्र _949420 |
||
| 245 |
_aरिश्ते जुड़ते-टूटते / _cसुरेश चन्द्र श्रीवास्तव |
||
| 246 |
_aRishte judte-tootate / _bby Suresh Chandra Shrivastava |
||
| 260 |
_aदिल्ली _bशुभदा प्रकाशन _c1999 |
||
| 270 |
_a1/11052-A, शुभाष पार्क, शाहदरा _bदिल्ली _e110032 |
||
| 300 |
_a103पृ. _c21सेमी (सजिल्द) |
||
| 650 |
_aहिन्दी साहित्य _953232 |
||
| 650 |
_aहिन्दी उपन्यास _953233 |
||
| 650 |
_aHindi - literature _953234 |
||
| 650 |
_aHindi novel _953235 |
||
| 942 |
_2ddc _cHN _hउ _mश्रीवास्त |
||
| 999 |
_c113648 _d113648 |
||